Statystyki dla 15 krajów o największej liczbie zgonów Covid19 - 1 sierpnia

Kliknij tutaj aby rozwiązać quiz!

Ogólne statystyki

  • Ten quiz został rozwiązany 25 razy
  • Średni wynik to 10 z 20

Statystyki odpowiedzi

kraj% Poprawnych
Stany Zjednoczone
95%
Francja
77%
Wielka Brytania
77%
Włochy
77%
Niemcy
73%
Hiszpania
68%
Rosja
68%
Brazylia
64%
Meksyk
64%
Indie
45%
Belgia
41%
Peru
41%
Szwecja
41%
Chile
36%
Holandia
36%
Iran
32%
Irlandia
32%
Kolumbia
32%
Ekwador
23%
Panama
14%

Rozkład punktacji

Percentyl według liczby udzielonych odpowiedzi

Procent ludzi z każdym wynikiem

Twoja historia wyników

Nie rozwiązałeś tego quizu